| 000 | 00522nam a22001817a 4500 | ||
|---|---|---|---|
| 005 | 20251108175120.0 | ||
| 008 | 250721s2005 xx 000 0 ara d | ||
| 082 | 1 | 4 | _a152.3/كلي |
| 100 | 1 | _aكليتون، بيتر | |
| 245 | 1 | 0 | _aلغة الجسد / |
| 246 | 1 | 1 | _aBODY LANGUAGE AT WORK |
| 264 | 1 |
_aعمان : _bدار الفاروق للنشر والتوزيع، _c2005. |
|
| 300 | _a151ص. | ||
| 650 | 1 | 7 | _aالاتصال الغير لفظي |
| 650 | 1 | 7 | _aالايحاء |
| 942 |
_2ddc _cBK |
||
| 999 |
_c126517 _d126517 |
||